[Event "Ch Brazil (1/2 final)"]
[Site "masterchessopen.com Recife (Brazil)"]
[Date "2007.11.02"]
[Round "3"]
[White "Araujo Jose Roberto (BRA)"]
[Black "Andrade Roberto Luiz Costa (BRA)"]
[Result "0-1"]
[WhiteElo "2194"]
[BlackElo "2256"]

1.d4 Nf6 2.c4 g6 3.Nc3 d5 4.Bf4 Bg7 5.e3 c5 6.dxc5 O-O 7.cxd5 Qa5 8.Qa4 Qxa4
9.Nxa4 Nxd5 10.Bxb8 Rxb8 11.O-O-O Be6 12.Be2 b5 13.cxb6 Rfc8+ 14.Kd2 Nxb6
15.Nc3 Bxc3+ 16.bxc3 Na4 17.Rc1 Rb2+ 18.Ke1 Rxc3 {#R} 0-1

[Event "Ch Madrid (B)"]
[Site "masterchessopen.com Madrid (Spain)"]
[Date "2007.11.03"]
[Round "2"]
[White "Gallo Restrepo German (ESP)"]
[Black "Gonzalez Marquez Jorge (ESP)"]
[Result "0-1"]
[WhiteElo "1891"]
[BlackElo "1705"]

1.d4 Nf6 2.c4 g6 3.Nc3 d5 4.Bf4 Bg7 5.e3 c6 6.Bd3 O-O 7.Nge2 Nbd7 8.Rc1 Re8
9.cxd5 e5 10.dxe6 Rxe6 11.O-O Nb6 12.Bg5 Qd6 13.Bxf6 Bxf6 14.Ne4 Qe7 15.Qc2
Nd5 16.a3 Bg7 17.N2c3 Nxc3 18.Nxc3 Bd7 19.Ne4 b6 20.Ng3 Qh4 21.Bc4 Re7 22.Rcd1
Rae8 23.Qb3 b5 24.Be2 Be6 25.Qb4 Bd5 26.Qc5 Bf8 27.Qc2 Re6 28.Bf3 Bxf3 29.gxf3
Qh3 30.Qe2 g5 31.Rfe1 Rh6 32.Nf1 Bd6 33.f4 gxf4 34.f3 Rg6+ 35.Kh1 Kh8 36.e4
Reg8 37.Nd2 Rg2 {#R} 0-1

[Event "Ch France (team) (nat.1) 2007/08"]
[Site "masterchessopen.com France"]
[Date "2007.11.24"]
[Round "2"]
[White "Steimer Michel (FRA)"]
[Black "Varlet Nicolas (FRA)"]
[Result "1-0"]
[WhiteElo "2163"]
[BlackElo "2144"]

1.d4 Nf6 2.c4 g6 3.Nc3 d5 4.Bf4 Bg7 5.e3 c5 6.dxc5 Qa5 7.Qb3 Ne4 8.Qb5+ Qxb5
9.Nxb5 Na6 10.f3 Nexc5 11.cxd5 O-O 12.O-O-O e5 13.Bg3 Bh6 14.Bf2 Bf5 15.g4
Rfc8 16.Nc3 Bd7 17.Kb1 e4 18.h3 f5 19.fxe4 Nxe4 20.Nxe4 fxe4 21.Ne2 Rf8 22.Bh4
Bxe3 23.Nc3 g5 24.Be1 Rae8 25.Bc4 Bf4 26.d6+ Kg7 27.Nb5 e3 28.Nd4 Bxd6 29.Nf5+
Bxf5+ 30.gxf5 Bc5 31.Bc3+ Kh6 32.h4 g4 33.f6 Re4 34.Bd5 Rf4 35.Bxb7 Nb4 36.Rd7
R8xf6 37.Bxf6 Rxf6 38.Be4 Kh5 39.a3 Na6 40.Bd3 h6 41.b4 Bb6 42.Re7 Nc7 43.Re5+
{#r} 1-0

[Event "Ch France (team) (nat.1) 2007/08"]
[Site "masterchessopen.com France"]
[Date "2007.12.16"]
[Round "5"]
[White "Tachikart Yassin (FRA)"]
[Black "Lohou Stephane (FRA)"]
[Result "1-0"]
[WhiteElo "2074"]
[BlackElo "2161"]

1.d4 Nf6 2.c4 g6 3.Nc3 d5 4.Bf4 Bg7 5.e3 c5 6.dxc5 Qa5 7.Rc1 Ne4 8.cxd5 O-O
9.Qb3 Bd7 10.Nf3 Nxc5 11.Qc2 Rc8 12.Be5 Bf5 13.Qd2 Ne4 14.Qd4 f6 15.Bf4 Na6
16.Be2 Nxc3 17.bxc3 Qxa2 18.e4 Bd7 19.Nd2 Qa3 20.O-O e5 21.dxe6 Bxe6 22.Bc4
Bxc4 23.Nxc4 Qc5 24.Nd6 Rd8 25.Qd2 Qc7 26.Qa2+ Kf8 27.Rfd1 Nc5 28.Rd5 Rd7
29.Rcd1 Rad8 30.Bg3 Qc6 31.Qc4 Na4 32.Qb4 Nb6 33.Nxb7+ Kg8 34.Nxd8 Nxd5
35.Nxc6 Nxb4 36.Rxd7 Nxc6 37.Rc7 {#r} 1-0

[Event "Memorial P.Dubinin (open)"]
[Site "masterchessopen.com Nizhnij Novgorod (Russia)"]
[Round "0"]
[White "Bespalov Maxim (RUS)"]
[Black "Patkina Ekaterina (RUS)"]
[Result "0-1"]
[WhiteElo "1902"]
[BlackElo "1950"]

1.d4 Nf6 2.c4 g6 3.Nc3 d5 4.Bf4 Bg7 5.e3 c5 6.Nf3 Nc6 7.dxc5 Qa5 8.cxd5 Nxd5
9.Qxd5 Bxc3+ 10.Nd2 Be6 11.Qd3 Bxb2 12.Rb1 Rd8 13.Qc2 Rxd2 {#R} 0-1

[Event "Ch City"]
[Site "masterchessopen.com Reykjavik (Iceland)"]
[Date "2008.01.11"]
[Round "3"]
[White "Ragnarsson Johann (ISL)"]
[Black "Thorsteinsdottir Hallgerdur (ISL)"]
[Result "1-0"]
[WhiteElo "2159"]
[BlackElo "1915"]

1.d4 Nf6 2.c4 g6 3.Nc3 d5 4.Bf4 Bg7 5.e3 c5 6.dxc5 Qa5 7.Rc1 dxc4 8.Bxc4 Qxc5
9.Nb5 Qb4+ 10.Kf1 Na6 11.a3 Qa5 12.Nc7+ Nxc7 13.Bxc7 Bg4 14.Bxa5 Bxd1 15.Bb5+
Kf8 16.Rxd1 {#r} 1-0

[Event "Ch Russia (1 liga) (w)"]
[Site "masterchessopen.com Smolensk (Russia)"]
[Date "2008.03.02"]
[Round "5"]
[White "Nurieva Amina (RUS)"]
[Black "Abuladze Lana (RUS)"]
[Result "0-1"]
[WhiteElo "1859"]
[BlackElo "2030"]

1.d4 Nf6 2.c4 g6 3.Nc3 d5 4.Bf4 Bg7 5.e3 Na6 6.Nf3 O-O 7.c5 Nh5 8.Bg5 h6 9.Bh4
g5 10.Bg3 Nxg3 11.hxg3 c6 12.Bd3 e6 13.Rh5 f5 14.Qa4 Nc7 15.Ke2 Ne8 16.Ne5 Nf6
17.Rh2 Ng4 18.Nxg4 fxg4 19.Rf1 e5 20.dxe5 Qe7 21.Qb4 Qxe5 22.Na4 Bf5 23.Bxf5
Qxf5 24.Qb3 Kh8 25.Qd3 Qf7 26.b3 d4 27.e4 Rae8 28.Nb2 Qd5 29.f3 Qxc5 30.Rhh1
Qe5 31.Kf2 gxf3 32.gxf3 Qxe4 33.Qxe4 Rxe4 34.Nc4 b5 35.Nd2 Re3 36.Rc1 Rfe8
37.Ne4 g4 38.Rxc6 Rxf3+ {#R} 0-1

[Event "Ch Israel (team)"]
[Site "masterchessopen.com Israel"]
[Date "2008.05.30"]
[Round "11"]
[White "Botvinnik Ilia (ISR)"]
[Black "Huzman Alexander (ISR)"]
[Result "0-1"]
[WhiteElo "2363"]
[BlackElo "2590"]

1.d4 Nf6 2.c4 g6 3.Nc3 d5 4.Bf4 Bg7 5.e3 c5 6.dxc5 Qa5 7.Rc1 Ne4 8.cxd5 Nxc3
9.Qd2 Qxa2 10.bxc3 Qa5 11.Nf3 Nd7 12.Bc4 Nxc5 13.Be5 Bxe5 14.Nxe5 f6 15.Nf3
O-O 16.O-O Kg7 17.Qd4 Qc7 18.e4 e5 19.dxe6 Bxe6 20.Rb1 Bxc4 21.Qxc4 b6 22.Rfe1
Qf7 23.Qb5 Rac8 24.Rbd1 Rc7 25.Qb1 Rfc8 26.Nd2 Rd8 27.f3 Rcd7 28.Nf1 Nd3
29.Re3 Qc4 30.Qc2 b5 31.Rd2 a5 32.g3 Qc5 33.Kg2 Qxe3 {#R} 0-1

[Event "Ch Region (superfinal)"]
[Site "masterchessopen.com Satka (Russia)"]
[Date "2008.07.06"]
[Round "1"]
[White "Riazantsev Alexander (RUS)"]
[Black "Dvoirys Semen I (RUS)"]
[Result "1-0"]
[WhiteElo "2656"]
[BlackElo "2552"]

1.d4 Nf6 2.c4 g6 3.Nc3 d5 4.Bf4 Bg7 5.e3 c5 6.dxc5 Qa5 7.Rc1 dxc4 8.Bxc4 Nbd7
9.a3 O-O 10.Ne2 Qxc5 11.Nb5 Qh5 12.Nc7 Rb8 13.Ne6 Qa5+ 14.b4 Qxa3 15.Nxf8
Qxb4+ 16.Kf1 Ra8 17.Nxd7 Bxd7 18.Qb3 Qxb3 19.Bxb3 a5 20.Nc3 b5 21.Nd5 a4
22.Ba2 Nxd5 23.Bxd5 Ra7 24.Bb8 Ra6 25.Rc7 Be6 26.Bxe6 fxe6 27.Rxe7 a3 28.Ke2
a2 29.Rxg7+ Kxg7 30.Be5+ Kf7 31.Kd2 {#r} 1-0

[Event "It (open) (b)"]
[Site "masterchessopen.com Kowalewo (Poland)"]
[Date "2008.07.09"]
[Round "7"]
[White "Tarczykowski Janusz (POL)"]
[Black "Nawrocki Przemyslaw (POL)"]
[Result "1-0"]
[WhiteElo "1991"]
[BlackElo "2023"]

1.d4 Nf6 2.c4 g6 3.Nc3 d5 4.Bf4 Bg7 5.e3 c5 6.cxd5 Nxd5 7.Nxd5 Qxd5 8.Rc1 O-O
9.Rxc5 Qxa2 10.Qc1 Nd7 11.Bc4 Qa4 12.Rb5 a6 13.Rb3 e5 14.dxe5 Nxe5 15.Bxe5
Bxe5 16.Nf3 Qa5+ 17.Qd2 Qa1+ 18.Qd1 Bxb2 19.O-O Qxd1 20.Rxd1 Bf6 21.e4 b5
22.Bd5 Rb8 23.e5 Be7 24.Nd4 Rb6 25.Nc6 Bg5 26.Rg3 Bb7 27.Rxg5 Bxc6 28.Ba2 Be4
29.Rg4 Bf5 30.Rgd4 a5 31.g4 Be6 32.Bxe6 Rxe6 33.Rd5 Rb8 34.Rb1 Reb6 35.f4 a4
36.f5 b4 37.Ra5 a3 38.f6 Kf8 39.Ra7 R6b7 40.Ra6 Ke8 41.Kg2 Rb6 42.Ra7 R8b7
43.Ra8+ Kd7 44.g5 Ke6 45.Kf3 Kxe5 46.Rd8 Rb5 47.Kg4 h5+ 48.gxh6 Rb8 49.Re1+
Kxf6 50.Rd6# 1-0

[Event "It (open)"]
[Site "masterchessopen.com Leiden (Netherlands)"]
[Date "2008.07.15"]
[Round "5"]
[White "Van Ketel Raoul (NED)"]
[Black "Zimmerman Luc (NED)"]
[Result "1-0"]
[WhiteElo "2285"]
[BlackElo "2096"]

1.d4 Nf6 2.c4 g6 3.Nc3 d5 4.Bf4 Bg7 5.e3 c5 6.dxc5 Qa5 7.Rc1 dxc4 8.Bxc4 O-O
9.Ne2 Qxc5 10.Qb3 Nc6 11.Nb5 Qh5 12.Ng3 Qh4 13.Nc7 e5 14.Bg5 Qxg5 15.h4 Qg4
16.Nxa8 e4 17.Nc7 Ne5 18.Be2 Nd3+ 19.Bxd3 exd3 20.Rc4 Qd7 21.O-O a6 22.Rd1 b5
23.Rcc1 Rd8 24.e4 Bh6 25.Rc3 d2 26.e5 Ng4 27.e6 Qd4 28.Rf3 Bb7 29.e7 Rc8
30.Qxf7+ {#r} 1-0

[Event "It (open)"]
[Site "masterchessopen.com Izmir (Turkey)"]
[Date "2008.09.06"]
[Round "9"]
[White "Sulashvili Malkhaz (GEO)"]
[Black "Sanikidze Tornike (GEO)"]
[Result "0-1"]
[WhiteElo "2495"]
[BlackElo "2522"]

1.d4 Nf6 2.c4 g6 3.Nc3 d5 4.Bf4 Bg7 5.e3 c5 6.dxc5 Qa5 7.Rc1 dxc4 8.Bxc4 O-O
9.Ne2 Qxc5 10.Nb5 Qb4+ 11.Kf1 a6 12.a3 Qxb2 13.Rb1 Qxb1 14.Qxb1 axb5 15.Bxb5
Rxa3 16.Be5 Nc6 17.Bb2 Rb3 18.Bc4 Ne4 19.Qxe4 Rxb2 20.g4 Ne5 21.h3 Rd8 22.Nf4
Bd7 23.Bd5 e6 24.Bxb7 Rb8 25.Ba8 R8b4 {#R} 0-1

[Event "Ch Colombia"]
[Site "masterchessopen.com San Andres Islas (Colombia)"]
[Date "2008.12.03"]
[Round "6"]
[White "Gomez Samael (COL)"]
[Black "Bolivar Jeyson (COL)"]
[Result "0-1"]
[WhiteElo "2025"]
[BlackElo "2092"]

1.d4 Nf6 2.c4 g6 3.Nc3 d5 4.Bf4 Bg7 5.e3 c5 6.dxc5 Qa5 7.Qa4+ Qxa4 8.Nxa4 Na6
9.Nf3 O-O 10.Be2 Ne4 11.O-O Bd7 12.Nc3 Nxc3 13.bxc3 dxc4 14.Bxc4 Nxc5 15.Be5
Rac8 16.Bxg7 Kxg7 17.Ne5 Be6 18.Bxe6 Nxe6 19.Rab1 b6 20.Rfd1 f6 21.Nd3 Rxc3
22.Nb4 Kf7 23.Rd7 Rfc8 24.g3 Rc1+ 25.Rxc1 Rxc1+ 26.Kg2 Rc7 27.Rd2 Ke8 28.f3
Rc1 29.e4 Ng5 30.h4 Nf7 31.Kf2 Ne5 32.f4 Ng4+ 33.Kf3 h5 34.Nd5 e6 35.Nb4 Rf1+
36.Kg2 Ne3+ 37.Kh2 Rb1 {#R} 0-1

[Event "It (open)"]
[Site "masterchessopen.com Palma de Majorca (Spain)"]
[Date "2008.12.12"]
[Round "7"]
[White "Roos Michael (GER)"]
[Black "Henrichs Thomas (GER)"]
[Result "0-1"]
[WhiteElo "2367"]
[BlackElo "2485"]

1.d4 Nf6 2.c4 g6 3.Nc3 d5 4.Bf4 Bg7 5.e3 c5 6.dxc5 Qa5 7.Qa4+ Qxa4 8.Nxa4 Bd7
9.Nc3 Ne4 10.Nxd5 Na6 11.f3 Nexc5 12.O-O-O Rc8 13.Ne2 Na4 14.Nec3 e6 15.Bh6
Bxh6 16.Nf6+ Ke7 17.Rxd7+ Kxf6 18.Nxa4 Bxe3+ 19.Kb1 Rhd8 20.Rxd8 Rxd8 21.Be2
Rd2 22.Nc3 Nc5 23.Rd1 Rxd1+ 24.Bxd1 Bg1 25.h3 Bd4 26.a3 {#R} 0-1

[Event "It (open)"]
[Site "masterchessopen.com L'Hospitalet de Llobregat (Spain)"]
[Date "2009.01.03"]
[Round "7"]
[White "Garcia Riera Josep (ESP)"]
[Black "Carrasco Rodriguez Jesus (ESP)"]
[Result "0-1"]
[WhiteElo "2035"]
[BlackElo "2109"]

1.d4 Nf6 2.c4 g6 3.Nc3 d5 4.Bf4 Bg7 5.e3 c5 6.dxc5 Qa5 7.Rc1 Ne4 8.cxd5 O-O
9.Bc4 Nxc3 10.Qd2 Qb4 11.Rxc3 Bxc3 12.Qxc3 Qxc3+ 13.bxc3 Nd7 14.c6 Nb6 15.Bb3
bxc6 16.dxc6 Ba6 17.Nf3 Rfc8 18.Ne5 e6 19.e4 Bb5 20.Kd2 Bxc6 21.Nxc6 Rxc6
22.Rc1 a5 23.a4 Rd8+ 24.Ke2 Rdc8 25.Kd3 Nd7 26.f3 Nc5+ 27.Kc2 f6 28.Be3 Kf7
29.Bd4 Ke7 30.h4 Na6 31.Kd2 Rd6 {#R} 0-1

[Event "Ch Czech Republic"]
[Site "masterchessopen.com Decin (Czech Republic)"]
[Date "2009.02.14"]
[Round "5"]
[White "Meduna Eduard (CZE)"]
[Black "Rausis Igors (CZE)"]
[Result "1-0"]
[WhiteElo "2449"]
[BlackElo "2512"]

1.d4 Nf6 2.c4 g6 3.Nc3 d5 4.Bf4 Bg7 5.e3 c5 6.dxc5 Qa5 7.Rc1 dxc4 8.Bxc4 Qxc5
9.Nb5 Qb4+ 10.Kf1 Na6 11.a3 Qa5 12.Bc7 Nxc7 13.Nxc7+ Qxc7 14.Bxf7+ Kxf7
15.Rxc7 Bg4 16.Nf3 Rhd8 17.Qb3+ Kf8 18.h3 Bxf3 19.gxf3 Ne8 20.Rxb7 Nd6 21.Rb4
Nf5 22.Kg2 a5 23.Rf4 Rab8 24.Qc2 Rxb2 25.Rxf5+ gxf5 26.Qxf5+ Bf6 27.Rb1 {#r}
1-0

[Event "Czech League 2008/09 (krajsky prebor)"]
[Site "masterchessopen.com Czech Republic"]
[Date "2009.03.15"]
[Round "0"]
[White "Pribyl Rene (CZE)"]
[Black "Kavan Zdenek (CZE)"]
[Result "0-1"]
[WhiteElo "2062"]
[BlackElo "2188"]

1.d4 Nf6 2.c4 g6 3.Nc3 d5 4.Bf4 Bg7 5.e3 Na6 6.Be5 O-O 7.Bxf6 Bxf6 8.cxd5 e6
9.dxe6 Bxe6 10.Bxa6 bxa6 11.Nge2 c5 12.Ne4 cxd4 13.Nxf6+ Qxf6 14.Qxd4 Qe7
15.Qd2 Bc4 16.b3 Bb5 17.O-O Rfd8 18.Qb2 Qe4 19.Nc3 Qe5 20.Rfd1 Bc6 21.Rd2 Rac8
22.Rc1 Bb7 23.Rxd8+ Rxd8 24.Qe2 h5 25.Rc2 h4 26.h3 Kg7 27.Na4 Qa1+ 28.Kh2 Rd1
{#R} 0-1

[Event "It (open)"]
[Site "masterchessopen.com Wroclaw (Poland)"]
[Round "1"]
[White "Czartoryski Pawel (POL)"]
[Black "Shishkin Vadim (UKR)"]
[Result "0-1"]
[WhiteElo "2113"]
[BlackElo "2507"]

1.d4 Nf6 2.c4 g6 3.Nc3 d5 4.Bf4 Bg7 5.e3 c6 6.h3 O-O 7.Nf3 Ne4 8.Bd3 Qa5 9.Qb3
dxc4 10.Bxc4 Nd6 11.Bd3 Be6 12.Qc2 Na6 13.Qd2 Nb4 14.Bb1 Nc4 15.Qe2 Nd5
16.Qxc4 Nxe3 17.Qxe6 Nxg2+ {#R} 0-1

[Event "Tournament (open)"]
[Site "masterchessopen.com Llinars del Valles (Spain)"]
[Date "2009.05.02"]
[Round "3"]
[White "Soler Colomer Valenti (ESP)"]
[Black "Sanchez Ibern Marc (ESP)"]
[Result "0-1"]
[WhiteElo "2065"]
[BlackElo "2289"]

1.d4 Nf6 2.c4 g6 3.Nc3 d5 4.Bf4 Bg7 5.e3 c5 6.dxc5 Qa5 7.Rc1 dxc4 8.Bxc4 O-O
9.Ne2 Qxc5 10.Qb3 Nc6 11.Nb5 Qb6 12.Bc7 Qa6 13.O-O Na5 14.Bxa5 Qxa5 15.Rfd1
Bd7 16.Nbd4 Rac8 17.Nc3 a6 18.a4 e5 19.Nde2 Bc6 20.Ng3 Rc7 21.Rd2 b5 22.axb5
axb5 23.Bf1 b4 24.Nb5 Bxb5 25.Rxc7 Bxf1 26.Re7 Qc5 27.Rb7 Qc6 {#R} 0-1

[Event "It (open)"]
[Site "masterchessopen.com Zalakaros (Hungary)"]
[Date "2009.05.16"]
[Round "9"]
[White "Csiszar Csaba (HUN)"]
[Black "Feher Gyula (HUN)"]
[Result "1-0"]
[WhiteElo "2450"]
[BlackElo "2353"]

1.d4 Nf6 2.c4 g6 3.Nc3 d5 4.Bf4 Bg7 5.e3 c5 6.dxc5 Qa5 7.Rc1 dxc4 8.Bxc4 O-O
9.Ne2 Nc6 10.O-O Qxc5 11.Nb5 Qh5 12.f3 g5 13.g4 Bxg4 14.fxg4 Nxg4 15.Bg3 Nxe3
16.Qd2 Nxf1 17.Rxf1 Ne5 18.Bxe5 Bxe5 19.Ng3 Bxg3 20.hxg3 Rad8 21.Qe3 a6 22.Nd4
e6 23.Nxe6 Rde8 24.Qxg5+ Qxg5 25.Nxg5 Re7 26.a4 h6 27.Nh3 b5 28.axb5 axb5
29.Bd5 Re5 30.Bf3 Rd8 31.Rf2 Kg7 32.Nf4 Rd6 33.Rc2 Rd4 34.Kf2 Re7 35.Be2 Re5
36.Bd3 Rb4 37.Bf1 Rb3 38.Bg2 Rb4 39.Rd2 Rb3 40.Bf3 Rb4 41.Bd1 Ree4 42.Ne2 Kf6
43.b3 Re5 44.Nf4 Kg5 45.Rd6 Rc5 46.Nd3 {#r} 1-0

[Event "Tournament (Elo)"]
[Site "masterchessopen.com Stockholm (Sweden)"]
[Date "2009.05.21"]
[Round "3"]
[White "Collett Peter (SWE)"]
[Black "Akesson Ralf (SWE)"]
[Result "0-1"]
[WhiteElo "2192"]
[BlackElo "2469"]

1.d4 Nf6 2.c4 g6 3.Nc3 d5 4.Bf4 Bg7 5.e3 c5 6.dxc5 Qa5 7.Rc1 dxc4 8.Bxc4 O-O
9.Ne2 Nc6 10.O-O Qxc5 11.Nb5 Qh5 12.Nc7 e5 13.Bg3 Rb8 14.Nc3 Bg4 15.f3 Bd7
16.N7d5 Nxd5 17.Bxd5 Qg5 18.Qe2 Ne7 19.f4 Qh6 20.e4 Nc6 21.Bxc6 Bxc6 22.Nd5
Rbe8 23.Nb4 exf4 24.Bxf4 g5 25.Nxc6 gxf4 {#R} 0-1

[Event "Ch Poland (team) (1 liga)"]
[Site "masterchessopen.com Ustron (Poland)"]
[Date "2009.09.12"]
[Round "1"]
[White "Cajbel Maciej (POL)"]
[Black "Malisauskas Vidmantas (LTU)"]
[Result "1-0"]
[WhiteElo "2225"]
[BlackElo "2489"]

1.d4 Nf6 2.c4 g6 3.Nc3 d5 4.Bf4 Bg7 5.e3 c5 6.dxc5 Qa5 7.Rc1 Ne4 8.cxd5 Nxc3
9.Qd2 Qxa2 10.Rxc3 O-O 11.Bc4 Bxc3 12.Qxc3 Qb1+ 13.Ke2 Qf5 14.Nf3 Qh5 15.h3
Bg4 16.e4 Nd7 17.c6 bxc6 18.dxc6 Nb6 19.Ba6 Bc8 20.Bd3 Be6 21.Ra1 a5 22.Bc7
Nc8 23.Rxa5 Rxa5 24.Bxa5 Nd6 25.e5 Nf5 26.c7 Nh4 27.g4 Bxg4 28.hxg4 Qxg4
29.Ba6 Qe4+ 30.Qe3 Qc2+ 31.Nd2 Qc6 32.Qb6 Qd5 33.Bc3 Ng2 34.Qd4 Qa8 35.Qc4
Nf4+ 36.Kd1 Nd5 37.c8=Q Nxc3+ 38.bxc3 Qh1+ 39.Qf1 Qh5+ 40.Be2 Qxe5 41.Qc6 Rd8
42.Bd3 {#r} 1-0

[Event "Czech League 2009/10 (krajsky prebor)"]
[Site "masterchessopen.com Czech Republic"]
[Date "2009.11.15"]
[Round "3"]
[White "Smola Jan (CZE)"]
[Black "Krejcova Katerina (CZE)"]
[Result "0-1"]
[WhiteElo "1851"]
[BlackElo "1961"]

1.d4 Nf6 2.c4 g6 3.Nc3 d5 4.Bf4 Bg7 5.e3 c5 6.dxc5 Qa5 7.Qa4+ Qxa4 8.Nxa4 Ne4
9.f3 Bd7 10.fxe4 Bxa4 11.cxd5 Bxb2 12.Rb1 Bc3+ 13.Kf2 Nd7 14.Rxb7 Nxc5 15.Rb8+
Kd7 16.Rxh8 Rxh8 17.Nf3 Nxe4+ 18.Ke2 Bc2 19.Be5 Bxe5 20.Nxe5+ Kc7 21.g3 Rb8
22.Nd3 Bxd3+ {#R} 0-1

[Event "It (open) (seniors)"]
[Site "masterchessopen.com Bad Bertrich (Germany)"]
[Date "2009.12.04"]
[Round "1"]
[White "Gerl Hans Dr (GER)"]
[Black "Schaefer Gustav (GER)"]
[Result "1-0"]
[WhiteElo "2052"]
[BlackElo "1774"]

1.d4 Nf6 2.c4 g6 3.Nc3 d5 4.Bf4 Bg7 5.e3 c5 6.dxc5 Qa5 7.Nf3 Ne4 8.cxd5 Bxc3+
9.bxc3 Qxc3+ 10.Nd2 Nxd2 11.Bb5+ Bd7 12.Rc1 Qb4 13.Bxd7+ Nxd7 14.Qxd2 Qxd2+
15.Kxd2 O-O 16.e4 Rac8 17.Be3 f5 18.f3 fxe4 19.fxe4 Nf6 20.Kd3 Ng4 21.Rc2 Rc7
22.Bd4 Re8 23.h3 Nf6 24.Rf1 Rf8 25.d6 Rd7 26.dxe7 Rxe7 27.Bxf6 Re6 28.e5 Rxe5
29.Bxe5 Rxf1 30.Ke2 Rf8 31.Ke3 h5 32.Rb2 Rf7 33.Rd2 Re7 34.Ke4 Kf7 35.Rd6 Re6
36.Kd5 {#r} 1-0

[Event "Oberliga East B 2009/10"]
[Site "masterchessopen.com Germany"]
[Date "2010.03.21"]
[Round "9"]
[White "Schaffer Hendrik (GER)"]
[Black "Krueger Rainer (GER)"]
[Result "1-0"]
[WhiteElo "2265"]
[BlackElo "2208"]

1.d4 Nf6 2.c4 g6 3.Nc3 d5 4.Bf4 Bg7 5.e3 c5 6.dxc5 Qa5 7.Rc1 dxc4 8.Bxc4 O-O
9.Ne2 Nc6 10.Qb3 Qxc5 11.Nb5 Qb4+ 12.Qxb4 Nxb4 13.Nc7 Rb8 14.Nd5 Nfxd5 15.Bxb8
Bf5 16.Bxa7 Bxb2 17.Rd1 Nc3 18.Nxc3 Bxc3+ 19.Ke2 b5 20.Bb3 e5 21.Bc5 Rb8 22.f3
Nc6 23.g4 Bc8 24.Rd6 Na5 25.Rd8+ Kg7 26.g5 h5 27.Be7 e4 28.Rc1 exf3+ 29.Kf2
Nc6 30.Bf6+ Bxf6 31.gxf6+ {#r} 1-0

[Event "It (open)"]
[Site "masterchessopen.com Maastricht (Netherlands)"]
[Date "2010.05.21"]
[Round "1"]
[White "Meyer Henri (FRA)"]
[Black "Smith Thijmen (NED)"]
[Result "1-0"]
[WhiteElo "2007"]
[BlackElo "2091"]

1.d4 Nf6 2.c4 g6 3.Nc3 d5 4.Bf4 Bg7 5.e3 c5 6.dxc5 Qa5 7.Rc1 Ne4 8.Ne2 Nxc3
9.Qd2 e5 10.Bg3 d4 11.bxc3 dxe3 12.Qxe3 Nc6 13.Nd4 Qxc5 14.Nf5 Qxe3+ 15.Nxe3
Bh6 16.Rb1 Bxe3 17.fxe3 O-O 18.Be2 f5 19.Bf3 e4 20.Be2 Rd8 21.c5 Be6 22.Rxb7
Bxa2 23.c4 a5 24.Rb2 Nb4 25.Bd6 Ra6 26.Kd2 Rd7 27.Kc3 Rb7 28.Ra1 Kf7 29.Raxa2
Nxa2+ 30.Rxa2 a4 31.Bd1 a3 32.c6 Rxc6 33.c5 g5 34.Bb3+ Kg6 35.Bd5 Rxd6 36.Bxb7
Rd3+ 37.Kc4 Rxe3 38.c6 Re1 39.Rxa3 {#r} 1-0

[Event "It (open)"]
[Site "masterchessopen.com Eforie Nord (Romania)"]
[Date "2010.06.25"]
[Round "9"]
[White "Dziuba Marcin (POL)"]
[Black "Petrisor Adrian (ROM)"]
[Result "1-0"]
[WhiteElo "2579"]
[BlackElo "2365"]

1.d4 Nf6 2.c4 g6 3.Nc3 d5 4.Bf4 Bg7 5.e3 c5 6.dxc5 Qa5 7.Rc1 dxc4 8.Bxc4 Qxc5
9.Nb5 Qb4+ 10.Kf1 Na6 11.a3 Qc5 12.Bxf7+ Kxf7 13.Rxc5 Nxc5 14.Nf3 Bf5 15.Ne5+
Kf8 16.Nd4 Rc8 17.Nxf5 gxf5 18.Qc2 Rd8 19.Qxc5 Rd1+ 20.Ke2 Rxh1 21.Qc4 {#r}
1-0

[Event "It (open) \"]
[Site "masterchessopen.com Madrid (Spain)"]
[Date "2010.07.19"]
[Round "7"]
[White "Rabinovich Anton (RUS)"]
[Black "Gonzalez Valenzuela Didac (ESP)"]
[Result "0-1"]
[WhiteElo "2077"]
[BlackElo "2171"]

1.d4 Nf6 2.c4 g6 3.Nc3 d5 4.Bf4 Bg7 5.e3 c5 6.dxc5 Qa5 7.Rc1 dxc4 8.Bxc4 Qxc5
9.Nb5 Qb4+ 10.Kf1 O-O 11.a3 Qa5 12.b4 Qa6 13.Nc7 Qxa3 14.Nxa8 Nc6 15.Nc7 Rd8
16.Qe1 Ne4 17.Ne2 Nd2+ 18.Kg1 Nxc4 19.Rxc4 Qb3 20.Rc1 Bb2 21.Rb1 Bf5 22.Nd4
Nxd4 23.e4 Qc2 24.Nd5 Rxd5 25.Rxb2 Qxb2 26.exd5 Ne2+ 27.Kf1 Nxf4 28.h3 Nd3
29.Qe3 Qb1+ 30.Ke2 Qxh1 {#R} 0-1

[Event "It (open)"]
[Site "masterchessopen.com Brasschaat (Belgium)"]
[Date "2010.08.22"]
[Round "9"]
[White "Geirnaert Steven (BEL)"]
[Black "Beukema Stefan (NED)"]
[Result "1-0"]
[WhiteElo "2352"]
[BlackElo "2127"]

1.d4 Nf6 2.c4 g6 3.Nc3 d5 4.Bf4 Bg7 5.e3 c5 6.dxc5 Qa5 7.Qa4+ Qxa4 8.Nxa4 Ne4
9.f3 Bd7 10.fxe4 Bxa4 11.e5 dxc4 12.Rc1 Nd7 13.Nf3 Nxc5 14.Rxc4 b6 15.Rxa4
Nxa4 16.Bb5+ Kd8 17.Bxa4 Rc8 18.O-O Rc5 19.Ng5 Kc8 20.Nxf7 Rf8 21.Bb3 h6 22.h4
a5 23.Rd1 a4 24.Be6+ Kb8 25.Rd7 Rc7 26.Rd4 b5 27.Rb4 Rc5 28.e4 Kc7 29.Be3 Kc6
30.Bxc5 Kxc5 31.a3 Rb8 32.b3 Rb6 33.Bg4 axb3 34.Rxb3 Kd4 35.Rb4+ Ke3 36.a4 e6
37.axb5 Bf8 38.Nd6 Kf4 39.Be2 Kg3 40.Rb3+ Kxh4 41.Rh3+ Kg5 42.Rg3+ Kh4 43.Rg4+
Kh5 44.Nf7 g5 45.Rxg5+ Kh4 46.g3+ Kh3 47.Bf1# 1-0

[Event "It (open)"]
[Site "masterchessopen.com Havirov (Czech Republic)"]
[Date "2010.08.26"]
[Round "6"]
[White "Podlesny Pavel (CZE)"]
[Black "Reznicek Marcel (CZE)"]
[Result "1-0"]
[WhiteElo "2173"]
[BlackElo "2064"]

1.d4 Nf6 2.c4 g6 3.Nc3 d5 4.Bf4 Bg7 5.e3 c6 6.h3 O-O 7.Nf3 Nbd7 8.Rc1 Nb6 9.c5
Nbd7 10.Be2 Ne4 11.O-O f5 12.b4 a6 13.Qb3 Kh8 14.a4 e6 15.b5 axb5 16.axb5 g5
17.Nxe4 gxf4 18.Nd6 fxe3 19.fxe3 Qf6 20.Qc3 Bh6 21.Ra1 Rb8 22.Ra7 Rg8 23.bxc6
Qg7 24.Rf2 Nxc5 25.Ne5 Qg3 26.Nef7+ Kg7 27.dxc5+ Kg6 28.Rf3 Qh4 29.c7 Bg7
30.Qxg7+ Rxg7 31.cxb8=Q d4 32.Qxc8 {#r} 1-0

[Event "Ch World (for the Blind)"]
[Site "masterchessopen.com Belgrade (Serbia)"]
[Date "2010.08.29"]
[Round "4"]
[White "Pohlers Juergen (GER)"]
[Black "Cabarkapa Milenko (SRB)"]
[Result "0-1"]
[WhiteElo "2074"]
[BlackElo "2206"]

1.d4 Nf6 2.c4 g6 3.Nc3 d5 4.Bf4 Bg7 5.e3 c5 6.Nf3 cxd4 7.exd4 Nc6 8.Be5 Nxe5
9.dxe5 Ng4 10.Qxd5 O-O 11.Be2 Qb6 12.Qd4 Qxd4 13.Nxd4 Bxe5 14.Rd1 Rd8 15.Nf3
Bxc3+ 16.bxc3 Rxd1+ 17.Bxd1 Be6 18.h3 Nf6 19.Nd2 Rc8 20.Bb3 Nd7 21.O-O Kf8
22.Re1 Nc5 23.Nf3 f6 24.Rd1 Bf7 25.Kf1 a5 26.Nd2 e5 27.Bc2 Ke7 28.Rb1 Be8
29.Ne4 Nxe4 30.Rxb7+ Kd6 31.Bxe4 Rxc4 32.Bd3 Rxc3 33.Ke2 Bc6 34.Ra7 e4 35.Ba6
Rc2+ 36.Ke3 Rxa2 37.Bc4 Ra4 38.Bg8 g5 39.Rxh7 Ra3+ 40.Kd4 Rd3+ 41.Kc4 Rd2
42.h4 gxh4 43.Rxh4 Rxf2 44.Bh7 e3 45.Rh3 e2 46.Re3 Rxg2 47.Bd3 Rg3 48.Rxe2
Rxd3 {#R} 0-1